Khulasa-E-Tawrait Ma` Zabur-O-Sahaif-E-Anbiya. (Record no. 7612)

MARC details
000 -LEADER
fixed length control field 00612nam a2200241 a 4500
020 ## - INTERNATIONAL STANDARD BOOK NUMBER
ISBN
082 00 - DEWEY DECIMAL CLASSIFICATION NUMBER
Classification number 222.1
Author Cutter SGM
100 ## - MAIN ENTRY--AUTHOR NAME
Author name Scripture G, Mission
245 ## - TITLE STATEMENT
Title Khulasa-E-Tawrait Ma` Zabur-O-Sahaif-E-Anbiya.
260 ## - PUBLICATION, DISTRIBUTION, ETC. (IMPRINT)
Place of publication Bangalore
Name of publisher Scripture Gift Mission
Year of publication 0000
300 ## - PHYSICAL DESCRIPTION
Number of Pages 184p
500 ## - GENERAL NOTE
General note includes index and biblioraphy
505 2# - FORMATTED CONTENTS NOTE
Formatted contents note Appendex, glossary
650 ## - SUBJECT ADDED ENTRY--TOPICAL TERM
Topical Term Torah
942 ## - ADDED ENTRY ELEMENTS (KOHA)
Koha item type Books
700 1# -
-- Scripture G, Mission
Holdings
Collection code Home library Current library Date acquired Cost, normal purchase price Full call number Accession Number Koha item type
  Henry Martyn Institute Library Henry Martyn Institute Library 06/18/2007 100.00 222.1 SGM 012023 Books
                   Copyright © 2026 | Henry Martyn Institute | Hyderabad | TS-500052 | INDIA | Implemented by hmi.edu.in
Hit-Count:

Powered by Koha